京都市にある駅 - Statistics

General Stats
  • This quiz has been taken 82 times
  • The average score is 65 of 119
Answer Stats
Hint Answer % Correct
東海道本線 京都
100%
二条
91%
山科
89%
京阪鴨東線 出町柳
88%
三条
86%
四条
86%
伏見
85%
太秦
82%
七条
82%
82%
竹田
80%
烏丸
80%
西大路
77%
嵯峨嵐山
77%
十条
77%
京阪本線 祇園四条
77%
嵐山
77%
五条
77%
山陰本線 梅小路京都西
76%
桃山
76%
東福寺
76%
九条
76%
中書島
74%
烏丸御池
74%
近鉄京都線 東寺
73%
清水五条
73%
地下鉄烏丸線 国際会館
73%
太秦天神川
73%
桂川
71%
神宮丸太町
71%
六地蔵
71%
阪急京都線 京都河原町
71%
西院
71%
鞍馬
71%
円町
70%
丹波橋
70%
伏見稲荷
68%
鞍馬口
68%
くいな橋
67%
65%
今出川
65%
二条城前
65%
京阪京津線 御陵
64%
京都市役所前
64%
三条京阪
62%
花園
61%
奈良線 稲荷
61%
トロッコ嵐山
61%
嵐電 四条大宮
61%
丹波口
59%
京阪山科
59%
嵯峨野トロッコ トロッコ嵯峨
59%
北大路
59%
東山
59%
近鉄丹波橋
58%
桃山御陵前
58%
丸太町
58%
北野白梅町
58%
北山
56%
蹴上
56%
鳥羽街道
55%
藤森
55%
伏見桃山
55%
西京極
55%
龍谷大前深草
53%
洛西口
52%
トロッコ保津峡
52%
松ヶ崎
50%
京阪宇治線 観月橋
48%
醍醐
48%
帷子ノ辻
48%
上鳥羽口
47%
松尾大社
47%
西大路御池
47%
叡山本線 元田中
44%
墨染
42%
四宮
42%
貴船口
42%
阪急嵐山線 上桂
41%
椥辻
41%
向島
39%
修学院
39%
宝ヶ池
39%
小野
39%
嵐電北野線 撮影所前
39%
嵐電天神川
38%
嵐電嵯峨
38%
一乗寺
36%
東野
36%
桃山南口
35%
八瀬比叡山口
35%
京都精華大前
35%
等持院・立命館大学衣笠キャンパス前
35%
西大路三条
33%
車折神社
33%
龍安寺
33%
岩倉
32%
地下鉄東西線 石田
32%
太秦広隆寺
32%
鳴滝
29%
常盤
27%
御室仁和寺
27%
宇多野
26%
茶山・京都芸術大学
24%
市原
24%
有栖川
24%
妙心寺
24%
山ノ内
21%
蚕ノ社
21%
二軒茶屋
20%
鹿王院
20%
二ノ瀬
18%
JR藤森
17%
三宅八幡
17%
叡山鞍馬線 八幡前
15%
木野
12%
No matching quizzes found
Score Distribution
Percent of People with Each Score
Percentile by Number Answered
Your Score History
You have not taken this quiz